| 000 | 01156nam a2200301Ia 4500 | ||
|---|---|---|---|
| 001 | 23643 | ||
| 003 | IT-RoPAU | ||
| 008 | 130308s9999 xx 000 0 und d | ||
| 040 | _aIT-RoPAU | ||
| 040 | _cIT-RoPAU | ||
| 041 | _aITALIANO | ||
| 100 | _aDelfrati Carlo | ||
| 100 | _gCodice Aut. SPICS: 7377 | ||
| 245 | _aOrizzonti della musica (Gli)-Corso di educazione musicale | ||
| 245 | _bOrizzonti della Musica (Gli)-Corso di Educazione Musicale | ||
| 250 | _a1a ed. | ||
| 260 | _aNAPOLI | ||
| 260 | _bMorano | ||
| 260 | _c1978 [1° Ed.:1978 - Ed.Ling.Originale:1978] | ||
| 300 | _a"312 p. (prefazione: no ; testo: 312)" | ||
| 500 | _aMondo della Canzone regno della Danza Musica e Lavoro Musica e Dio Musica e culto Cristiano Canto Sacro Musica e Guerra Canti di Guerra Banda militare Inni nazionali Musica e Spettacolo Musica e tv Cinema Teatro colonna sonora Musica e Parola Linguaggio Musicale Musica e Strumenti Musicali Antologia delle Piu' belle canzoni Popolari Dai cinque Continenti | ||
| 650 | _aEDUCAZIONE ALLA MUSICA | ||
| 650 | _eCodice materia Spics: 7012 | ||
| 942 | _cBK | ||
| 957 | _71 | ||
| 999 |
_c74644 _d74644 |
||
| 999 | _bSI | ||
| 999 | _g1 | ||